000
00465nam a2200181Ia 4500
008
090124s9999 xx 000 0 und d
082
_b
120518
100
_a
भोपे मधुरंजन
245
_a
आवर्त
250
_a
1
260
_c
1984
300
_a
218
600
_a
भोपे मधुरंजन
630
_a
आवर्त
700
_a
भोपे मधुरंजन
730
_a
आवर्त
942
_c
BOOK
999
_c
166604
_d
166604